[Event "York ChessMates 12th"]
[Site "York"]
[Date "2025.03.22"]
[Round "3.10"]
[White "Tomasdottir, Katrin Osk"]
[Black "Andhurthi, Sreeyan"]
[Result "0-1"]
[WhiteElo "1611"]
[BlackElo "1631"]
[PlyCount "38"]
[EventDate "2025.03.21"]
[EventType "team-swiss"]
[EventRounds "5"]
[EventCountry "ENG"]
[SourceTitle "CB13_2025"]
[SourceDate "2025.03.26"]
[SourceVersion "1"]
[SourceVersionDate "2025.03.26"]
[SourceQuality "1"]
[WhiteTeam "Iceland"]
[BlackTeam "Ireland"]
[WhiteTeamCountry "ISL"]
[BlackTeamCountry "IRL"]

1. d4 Nf6 2. c4 c5 3. d5 b5 4. cxb5 a6 5. bxa6 Bxa6 6. Nc3 d6 7. Nf3 g6 8. e4 Bxf1 9. Kxf1 Bg7 10. g3 0-0 11. Kg2 Nbd7 12. a4 Qa5 13. Ra3 Rfb8 14. Qc2 Ng4 15. Nd2 Nde5 16. Nb5 Qb6 17. b3 Rc8 18. Bb2 c4 19. h3 Qxf2# 0-1

[Event "Enniscrone Sligo op-B"]
[Site "Enniscrone"]
[Date "2025.01.31"]
[Round "1"]
[White "Mcilroy, Ben"]
[Black "Andhurthi, Sreeyan"]
[Result "1/2-1/2"]
[WhiteElo "1808"]
[BlackElo "1688"]
[PlyCount "53"]
[EventDate "2025.01.31"]
[EventType "swiss"]
[EventRounds "5"]
[EventCountry "IRL"]
[SourceTitle "CB06_2025"]
[SourceDate "2025.02.05"]
[SourceVersion "1"]
[SourceVersionDate "2025.02.05"]
[SourceQuality "1"]

1. d4 Nf6 2. c4 c5 3. d5 b5 4. cxb5 a6 5. b6 d6 6. Nc3 Nbd7 7. e4 Nxb6 8. Nf3 g6 9. Be2 Bg7 10. 0-0 0-0 11. a4 a5 12. Qc2 Rb8 13. Rd1 Ne8 14. Bf4 Nc7 15. h3 Na6 16. e5 Bf5 17. Qd2 Nb4 18. exd6 exd6 19. Nb5 Nc8 20. Rac1 Rb6 21. Bc4 Qf6 22. b3 Qb2 23. Qe1 Na2 24. Ra1 Nb4 25. Rac1 Na2 26. Ra1 Nb4 27. Rac1 1/2-1/2